000 01242cam a22003494a 4500
001 13532
003 BD-RjUL
005 20211208235453.0
008 140201s2004 ncua j b 001 0beng
020 _a193179832X (library binding)
035 _a(BD-RjUL)13584
040 _aDLC
_cDLC
_dDLC
_dBD-RjUL
_beng
041 _aeng
082 0 0 _a338.7610053092
_222
_bBOS 2004
100 1 _aBoyd, Aaron,
_d1955-
_942250
245 1 0 _aSmart money :
_bthe story of Bill Gates /
_cAaron Boyd.
250 _aRev. ed.
260 _aGreensboro, NC :
_bMorgan Reynolds Publishing,
_cc2004.
300 _a128 p. :
_bill. ;
_c22 cm.
504 _aIncludes bibliographical references and index.
600 1 0 _aGates, Bill,
_d1955-
_942286
600 1 1 _aGates, Bill,
_d1955-
_942287
610 2 1 _aMicrosoft Corporation
_942288
650 0 _aBusinesspeople
_zUnited States
_vBiography
_vJuvenile literature.
_942254
650 0 _aComputer software industry
_zUnited States
_vJuvenile literature.
_942255
650 1 _aBusinesspeople.
_942256
650 1 _aComputer software industry.
_942257
856 4 1 _3Table of contents
_uhttp://www.loc.gov/catdir/toc/ecip0411/2003024616.html
942 _2ddc
_cBK
999 _c13532
_d13532